000 02181nam0a2200385 4500
001 RU\NLR\BIBL_A\012650372
005 20220128151419.0
010 _a978-5-238-03510-9
_92000
021 _aRU
_bКН-П-21-050563
_9КН-П-21-3975
035 _a(NLR Aleph) 012650372
090 _a12724491
_c12724491
100 _a20211125d2021 u y0rusy50 ca
101 0 _arus
102 _aRU
105 _aa j 000zy
181 0 _ai3
_baxxe
182 0 _an
200 1 _aПредварительное следствие
_eучебник для студентов высших учебных заведений, обучающихся по направлению подготовки "Юриспруденция"
_f[Р. Э. Адамян, Е. Н. Арестова - канд. юрид. наук, доцент, Н. В. Анисимова - канд. юрид. наук и др.]
_gпод редакцией доктора юридических наук, доцента Д. А. Иванова, кандидата юридических наук, доцента А. С. Есиной
203 _aТекст
_bвизуальный
_cнепосредственный
205 _a4-е изд., перераб. и доп.
210 _aМосква
_cЮНИТИ [и др.]
_d2021
215 _a575, [1] с.
_cтабл.
_d22
300 _aАвт. указаны на 8-й с.
300 _aНа обл.: 4-е изд.
320 _aБиблиогр.: с. 560-569 и в подстроч. примеч.
606 1 _aПредварительное следствие
_yРоссийская Федерация
_jУчебники для высших учебных заведений
_2nlr_sh1
_2nlr_sh2
_3RU\NLR\AUTH\661253356
686 1 _aХ629.372.2я73
701 1 _aАдамян
_bР. Э.
701 1 _aАрестова
_bЕ. Н.
_gЕкатерина Николаевна
701 1 _aАнисимова
_bН. В.
702 1 _aИванов
_bД. А.
_cд-р юрид. наук, уголовное право
_gДмитрий Александрович
_3RU\NLR\AUTH\7719280
_4340
942 _cBOOK
980 _aNB